Olympic Hosts Map Minefield Quiz Stats

 Plays Quiz Updated Feb 13, 2019

     
Support Sporcle.
Go Orange.
Score 0/23 Timer 06:00
6 Plays Today
% Correct
???
93%
???
88%
???
85.6%
???
85.4%
???
84.6%
???
84.3%
???
83.9%
???
81%
???
80.7%
???
79.5%
???
79.1%
???
77%
% Correct
???
74.9%
???
74.9%
???
68.9%
???
68.5%
???
65.3%
???
53.3%
???
53.3%
???
52.4%
???
41.2%
???
38.2%
???
33.6%

From the Vault

Dan Aykroyd Movies

by MRL

Movies 10m
He's on a mission from God to make funny movies.
Remove Ads.
Support Sporcle.
Get the best of Sporcle when you Go Orange. This ad-free experience offers more features, more stats, and more fun while also helping to support Sporcle. Thank you for becoming a member.

Show Comments

Extras

Top Quizzes Today


Score Distribution

Your Account Isn't Verified!

In order to create a playlist on Sporcle, you need to verify the email address you used during registration. Go to your Sporcle Settings to finish the process.

Report this User

Report this user for behavior that violates our Community Guidelines.

Details: